BUSINESS LOWS, COMMUNICATION AND ETHICS (Record no. 5618)

MARC details
000 -LEADER
fixed length control field 00275nam a22001217a 4500
005 - DATE AND TIME OF LATEST TRANSACTION
control field 20210828171343.0
008 - FIXED-LENGTH DATA ELEMENTS--GENERAL INFORMATION
fixed length control field 171023b xxu||||| |||| 00| 0 eng d
041 ## - LANGUAGE CODE
Language code of text/sound track or separate title eng
082 ## - DEWEY DECIMAL CLASSIFICATION NUMBER
Classification number 346.07
245 ## - TITLE STATEMENT
Title BUSINESS LOWS, COMMUNICATION AND ETHICS
300 ## - PHYSICAL DESCRIPTION
Number of Pages 468p.
942 ## - ADDED ENTRY ELEMENTS (KOHA)
Koha item type Books
Holdings
Lost status Damaged status Collection code Home library Current library Shelving location Date acquired Source of acquisition Full call number Accession Number Koha item type
    MANAGEMENT JRU Library JRU Library SHELF-63-I 23/10/2017 DONATION 346.07 22138 Books
    MANAGEMENT JRU Library   SHELF-63-I 23/10/2017 DONATION 346.07 22139 Books